Knife party at the Hotel Europa /

Bibliographic Details
Main Author: Jarman, Mark Anthony, 1955- (Author)
Format: Book
Language:English
Published: Fredericton, New Brunswick : Goose Lane, [2015]
Subjects:

MARC

Tag First Indicator Second Indicator Subfields
LEADER 00000cam a2200000 i 4500
001 in00003533939
005 20151105210202.0
008 141124t20152015nkc 000 j eng
010 |a  2014455977 
020 |a 9780864929181 (bound) 
020 |a 0864929188 (bound) 
020 |a 9780864927408 (epub) 
020 |a 0864927401 (epub) 
020 |a 9780864928306 (mobi) 
020 |a 0864928300 (mobi) 
035 |a (OCoLC)ocn893898984 
040 |a NLC  |b eng  |e rda  |c NLC  |d CDX  |d C#P  |d UtOrBLW 
049 |a TXAM 
055 0 |a PS8569 A6  |b K66 2015 
082 0 |a C813/.54  |2 23 
090 |a PR9199.3.J385  |b K65 2015 
100 1 |a Jarman, Mark Anthony,  |d 1955-  |e author. 
240 1 0 |a Short stories.  |k Selections 
245 1 0 |a Knife party at the Hotel Europa /  |c Mark Anthony Jarman. 
264 1 |a Fredericton, New Brunswick :  |b Goose Lane,  |c [2015] 
264 4 |c ©2015 
300 |a 288 pages ;  |c 21 cm. 
336 |a text  |b txt  |2 rdacontent 
337 |a unmediated  |b n  |2 rdamedia 
338 |a volume  |b nc  |2 rdacarrier 
505 0 0 |t The dark brain of prayer --  |t Butterfly on a mountain --  |t Knife party --  |t Hospital island (wild thing) --  |t The petrified florist --  |t Pompeii uber alles --  |t Hallway Snowstorm --  |t Adam and Eve saved from drowning --  |t The troubled English bride --  |t Party barge --  |t Exempt from the fang (aircraft carrier) --  |t Pompeii book of the dead. 
650 0 |a Short stories, Canadian. 
945 |a PromptCat  |b 210022 
946 |a stk 
947 |a A14842986565 
948 |a cataloged  |b h  |c 2015/6/23  |d c  |e dmitchel  |f 1:44:28 pm 
994 |a 92  |b TXA 
999 |a MARS 
999 f f |s 90be57fa-6bdf-314b-9def-07dba57ef4d4  |i 78df3546-d265-3cb5-8138-446e52a7bc3b  |t 0 
952 f f |p normal  |a Texas A&M University  |b College Station  |c Sterling C. Evans Library  |d Evans: Library Stacks  |t 0  |e PR9199.3.J385 K65 2015  |h Library of Congress classification  |i unmediated -- volume  |m A14842986565 
998 f f |a PR9199.3.J385 K65 2015  |t 0  |l Evans: Library Stacks